000 01362cam a22003491a 4500
001 gs 61000253
003 DLC
005 20260227111410.0
008 790920s1961 dcuab b f001 0 eng c
010 _ags 61000253
035 _a(OCoLC)5393124
040 _aU. S. Geol. Survey. Libr.
_cTxLT
_dTxLT
_dDNAL
_dOCoLC
_dDLC
042 _apremarc
043 _an-us-nv
050 0 0 _aTC801
_b.U2 no. 1581
070 0 _a407
_bG29W no.1581
072 0 _aP200
100 1 _aZones, C. P.
245 1 0 _aGround-water potentialities in the Crescent Valley, Eureka and Lander Counties, Nevada /
_cby C.P. Zones ; prepared in cooperation with the State of Nevada, Office of the State Engineer.
260 _aWashington, D.C. :
_bU.S. G.P.O.,
_c1961.
300 _aiv, 50 p. :
_bill., maps ;
_c24 cm.
440 0 _aGeological Survey water-supply paper ;
_v1581
500 _aOne folded map in pocket.
500 _aIncludes index.
501 _aWith : Geology and ground-water resources of Winkler County, Texas. Washington, D.C. : U.S. G.P.O., 1962. Bound together subsequent to publication.
_5DLC
504 _aBibliography: p. 48.
650 0 _aGroundwater
_zNevada
_zCrescent Valley.
650 0 _aWater-supply
_zNevada
_zCrescent Valley.
650 0 _aBorings
_zNevada
_zCrescent Valley.
650 0 _aWater
_xAnalysis.
610 1 0 _aNevada.
_bState Engineer.
999 _c29564
_d29564